书目信息 |
| 题名: |
死亡地图
|
|
| 作者: | 约翰逊 著 ;熊亭玉 译 | |
| 分册: | ||
| 出版信息: | 北京 电子工业出版社 2017 |
|
| 页数: | xiii, 313页 | |
| 开本: | 24cm | |
| 丛书名: | 译言·东西文库 | |
| 单 册: | ||
| 中图分类: | K561.4 | |
| 科图分类: | ||
| 主题词: | ||
| 电子资源: | ||
| ISBN: | 978-7-121-30468-2 | |
| 000 | 02065nam 2200313 450 | |
| 001 | 012017000037 | |
| 005 | 20180111091215.15 | |
| 010 | @a978-7-121-30468-2@b精装@dCNY68.00 | |
| 100 | @a20170210d2017 em y0chiy0121 ea | |
| 101 | 1 | @achi@ceng |
| 102 | @aCN@b110000 | |
| 105 | @aa z 000yy | |
| 106 | @ar | |
| 200 | 1 | @a死亡地图@Asi wang de tu@e伦敦瘟疫如何重塑今天的城市和世界@f(美) 史蒂芬·约翰逊著@d= The ghost map@ethe story of London's most terrifying epidemic-and how it changed science, cities, and the modern world@fSteven Johnson@g熊亭玉译@zeng |
| 210 | @a北京@c电子工业出版社@d2017 | |
| 215 | @axiii, 313页@c图@d24cm | |
| 225 | 2 | @a译言·东西文库@Ayi yan ·dong xi wen ku |
| 314 | @a史蒂芬·约翰逊 (Steven Johnson) 出过八本书, 这八本书分别涵盖科学、技术、个人理念等各个方面。 | |
| 330 | @a这是一个关于瘟疫的故事, 一个关于瘟疫如何创造了我们今天生存的城市、世界的故事。在维多利亚女王时代的伦敦, 作为一座现代化的工业大都市, 仅仅拥有着伊丽莎白时期古老的公共基础设施。在当时, 每隔个四五年, 伦敦就要爆发一次霍乱, 每次爆发都要夺走伦敦上万条生命, 进而波及到整个英国。一位名为约翰·斯诺 (John Snow) 的医生, 做了一系列的研究, 证明霍乱存在于水中。在无人相信的情况下, 一位牧师亨利·白石帮他绘制地图, 将取水饮用的人们与未取水饮用的人们绘在同一张图上, 将每个街区的死亡人数标在上面, 越远离水泵, 死亡人数越少。约翰·斯诺与亨利·白石拯救了伦敦城, 那是英国发生的一次霍乱。人们开始修建下水道, 构建城市公共设施, 保证水源的清洁, 避免与污物处理源进行接触。这张死亡地图创造了一种全新的生活方式, 让所有后人得益。 | |
| 410 | 0 | @12001 @a译言·东西文库 |
| 500 | 10 | @aGhost map : the story of London's most terrifying epidemic-and how it changed science, cities, and the modern world@mChinese |
| 517 | 1 | @a伦敦瘟疫如何重塑今天的城市和世界@Alun dui wen yi ru he chong su jin tian de cheng shi he shi jie |
| 607 | @a英国@Aying guo@x近代史 | |
| 690 | @aK561.4@v5 | |
| 701 | 1 | @a约翰逊@Ayue han xun@g(Johnson, Steven),@f1968-@4著 |
| 702 | 0 | @a熊亭玉@Axiong ting yu@4译 |
| 801 | 0 | @aCN@b湖北三新@c20170406@g |
| 905 | @aBZT@dK561.4@e1 | |
| 906 | @dCNY68.00@n5@r1 | |
| 死亡地图:伦敦瘟疫如何重塑今天的城市和世界/(美) 史蒂芬·约翰逊著= The ghost map:the story of London's most terrifying epidemic-and how it changed science, cities, and the modern world/Steven Johnson/熊亭玉译.-北京:电子工业出版社,2017 |
| xiii, 313页:图;24cm.-(译言·东西文库) |
| ISBN 978-7-121-30468-2(精装):CNY68.00 |
| 这是一个关于瘟疫的故事, 一个关于瘟疫如何创造了我们今天生存的城市、世界的故事。在维多利亚女王时代的伦敦, 作为一座现代化的工业大都市, 仅仅拥有着伊丽莎白时期古老的公共基础设施。在当时, 每隔个四五年, 伦敦就要爆发一次霍乱, 每次爆发都要夺走伦敦上万条生命, 进而波及到整个英国。一位名为约翰·斯诺 (John Snow) 的医生, 做了一系列的研究, 证明霍乱存在于水中。在无人相信的情况下, 一位牧师亨利·白石帮他绘制地图, 将取水饮用的人们与未取水饮用的人们绘在同一张图上, 将每个街区的死亡人数标在上面, 越远离水泵, 死亡人数越少。约翰·斯诺与亨利·白石拯救了伦敦城, 那是英国发生的一次霍乱。人们开始修建下水道, 构建城市公共设施, 保证水源的清洁, 避免与污物处理源进行接触。这张死亡地图创造了一种全新的生活方式, 让所有后人得益。 |
| ● |
| 相关链接 |
|
|
|
正题名:死亡地图
索取号:K561.4/1
 
预约/预借
| 序号 | 登录号 | 条形码 | 馆藏地/架位号 | 状态 | 备注 |
| 1 | 842555 | 2000842555 | 第二书库/ [索取号:K561.4/1] | 在馆 | |
| 2 | 842556 | 2000842556 | 第二书库/ [索取号:K561.4/1] | 在馆 | |
| 3 | 842557 | 2000842557 | 第二书库/ [索取号:K561.4/1] | 在馆 | |
| 4 | 842558 | 2000842558 | 第二书库/ [索取号:K561.4/1] | 在馆 | |
| 5 | 842559 | 2000842559 | 第二书库/ [索取号:K561.4/1] | 在馆 |